000 00673nam a22002417a 4500
003 UA-OsUOA
001 84773
007 ta
008 20120608b un ||||| |||| 00| 0 ukr d
090 _a821.161.2
_bЛ65
942 _cBK
040 _aUA-OsUOA
_bukr
_cUA-OsUOA
_dUA-OsUOA
245 _aЛицарі волі
_cупор.: П. О. Будівський, М. К. Дмитренко та ні.
300 _a240 с.
955 _a3
041 _aukr
080 _a821.161.2
020 _a5-7770-0535-7
260 _aК.
_bЗнання
_c1992
246 3 1 _aКн. 1
_n
650 7 _a82 Література. Літературознавство
_2UDC
999 _c371081
_d371081